Current issues in linguistic theory /
Guardado en:
| Autor Principal: | |
|---|---|
| Formato: | Libro |
| Idioma: | English |
| Publicado: |
The Hague :
Mouton,
1964.
|
| Series: | Janua linguarum. Series minor ;
38 |
| Etiquetas: |
Agregar Etiqueta
Sin Etiquetas, Sea el primero en etiquetar este registro!
|
| LEADER | 00721cam a22001815a 4500 | ||
|---|---|---|---|
| 001 | MAT.inmabb002241 | ||
| 008 | 711020s1964####ne#######b####000#0#eng#d | ||
| 005 | 20130318093639.0 | ||
| 245 | 1 | 0 | |a Current issues in linguistic theory / |c by Noam Chomsky. |
| 260 | |a The Hague : |b Mouton, |c 1964. | ||
| 300 | |a 119 p. ; |c 23 cm. | ||
| 440 | 0 | |a Janua linguarum. |p Series minor ; |v 38 | |
| 500 | |a "A revised and expanded version of a report presented to the session: 'The logical basis of linguistic theory,' Ninth International Congress of Linguists, Cambridge, Mass., 1962." | ||
| 504 | |a Bibliografía: p. [114]-119. | ||
| 100 | 1 | |a Chomsky, Noam. | |
| 084 | |a 91F20 |2 msc2000 | ||
| 010 | |a 65004375 | ||
| 859 | |h 91 |i C548 |p A-3912 |b BIB. MATEMATICA | ||
